[Event "Kolkata op"]
[Site "Kolkata"]
[Date "1995.??.??"]
[Round "?"]
[White "Prasad, Devaki V"]
[Black "Smyslov, Vassily V"]
[Result "0-1"]
[WhiteElo "2460"]
[BlackElo "2540"]
[PlyCount "156"]
[EventDate "1995.??.??"]
[EventType "game"]
[EventRounds "1"]
[EventCountry "IND"]
[SourceTitle "EXT 2010"]
[Source "ChessBase"]
[SourceDate "2010.11.25"]
[SourceVersion "1"]
[SourceVersionDate "2010.11.25"]
[SourceQuality "1"]

1. e4 e5 2. Nf3 Nc6 3. Bb5 g6 4. d4 exd4 5. c3 dxc3 6. Nxc3 Bg7 7. Bg5 f6 8.
Bf4 Ne5 9. Nd4 c6 10. Be2 Ne7 11. h4 h5 12. Qd2 d5 13. O-O-O O-O 14. Nb3 b5 15.
exd5 b4 16. Na4 cxd5 17. Kb1 a5 18. Qe3 Bd7 19. Nbc5 Bf5+ 20. Ka1 Qd6 21. f3
Rac8 22. g4 Bc2 23. Rc1 d4 24. Qd2 Bxa4 25. Nxa4 Rxc1+ 26. Rxc1 Rd8 27. gxh5 d3
28. Bd1 gxh5 29. Nc5 Rc8 30. Bb3+ Kh7 31. Bxe5 Qxe5 32. Nxd3 Rxc1+ 33. Qxc1 Qd4
34. Nf4 Bh6 35. Qc2+ f5 36. Nd5 Qg1+ 37. Qb1 Qxb1+ 38. Kxb1 Nc6 39. f4 Nd4 40.
Bd1 Kg6 41. Kc1 Ne6 42. Ne7+ Kf7 43. Nxf5 Bxf4+ 44. Kb1 Kf6 45. Bc2 a4 46. b3
a3 47. Bd3 Bd2 48. Kc2 Be1 49. Ne3 Nf4 50. Be4 Ke5 51. Bf3 Bf2 52. Ng2 Ne6 53.
Bxh5 Ke4 54. Kd2 Nd4 55. Bg6+ Kf3 56. Ne1+ Bxe1+ 57. Kxe1 Kg4 58. h5 Kg5 59.
Kd2 Nb5 60. Kd3 Nc3 61. Kc2 Nxa2 62. Bf7 Nc3 63. Be8 Nd5 64. Bf7 Nf4 65. Kb1
Nxh5 66. Ka2 Ng3 67. Bc4 Kf4 68. Kb1 Ke3 69. Kc2 Nf5 70. Bg8 Kd4 71. Bf7 Ne3+
72. Kb1 Kc3 73. Bg8 Kd2 74. Bf7 Kc3 75. Bg8 Nc2 76. Bf7 Nd4 77. Ka2 Ne2 78. Kb1
Nc1 0-1

[Event "Reykjavik Olafsson"]
[Site "Reykjavik"]
[Date "1995.??.??"]
[Round "4"]
[White "Smyslov, Vassily V"]
[Black "Polgar, Sofia"]
[Result "1-0"]
[WhiteElo "2565"]
[BlackElo "2485"]
[Annotator "Horn,Pe"]
[PlyCount "73"]
[EventDate "1995.09.??"]
[EventType "tourn"]
[EventRounds "11"]
[EventCountry "ISL"]
[EventCategory "11"]
[SourceTitle "CBM 049"]
[Source "ChessBase"]
[SourceDate "1995.12.01"]
[SourceVersion "1"]
[SourceVersionDate "1995.12.01"]
[SourceQuality "1"]

1. Nf3 d5 2. b3 Nf6 3. Bb2 Bg4 4. g3 Nbd7 (4... Bxf3 5. exf3) 5. Bg2 e6 6. O-O
Be7 7. d3 O-O 8. Nbd2 a5 9. a4 c6 10. e4 dxe4 $6 11. dxe4 Qc7 (11... Bb4 $1 12.
c3 (12. e5 Nd5 13. Ne4 Nc5 14. Nxc5 Bxc5 15. Qe2 Qb6 16. Qc4 Qb4 17. Qxb4 Nxb4
$10 {Nunez Vallina,JA-Gallego,L/Capablanca mem-C/1992}) (12. h3 Bxf3 13. Bxf3
Nc5 14. c3 Nd3 15. cxb4 Nxb2 16. Qc2 Nd3 17. bxa5 Ne5 18. Bg2 Qxa5 19. Nc4 Nxc4
20. Qxc4 Rfd8 {remis/N.Davies-Westerinen/Gausdal/1992}) 12... Be7 13. Qc2 Nc5
14. Ba3 Qc7 15. b4 axb4 16. Bxb4 Rfd8 17. Nd4 e5 18. Nf5 Bf8 19. Nc4 Bxf5 20.
exf5 Nd3 21. Bxf8 Kxf8 22. a5 $14 {Poor,I-Petran,Pa/HUN-chT 9293/1992}) (11...
Nc5 12. Qe1 Bxf3 13. Bxf3 Qc7 14. Nc4 Nfd7 15. Bc3 b6 16. e5 Rfd8 17. Qe3 Nb8
18. Bg2 Nba6 19. Qf3 $16 {Foigel-Sergeev/Kiev-ch 1984/}) 12. h3 Bh5 13. Qe2 h6
(13... Rfd8 14. Rfd1 Nc5 15. g4 Bg6 16. Ne5 {[%cal Yf2f4]} Rxd2 $2 17. Rxd2 $18
{Afifi-Haas/Manila ol/1992}) 14. g4 Bg6 15. Ne1 e5 $2 (15... Nc5 16. f4 Rad8
$14) 16. Nd3 Bd6 $2 (16... Ne8 17. Nf3 f6 18. Nh4 $16) 17. Nc4 b5 $2 (17...
Rae8 18. Rad1 (18. Nxd6 Qxd6 19. Rad1 Qc7 20. Rd2 c5) 18... Re6 19. Nxd6 Rxd6
20. f4 exf4 21. e5) 18. Nxd6 Qxd6 19. f4 $18 exf4 20. e5 Rae8 (20... Bxd3 21.
cxd3 (21. Qxd3 Qxd3 22. cxd3 Nd5 23. axb5) 21... Rfe8 22. d4) 21. Qd1 Qe7 (
21... Nxe5 $142 22. Nxe5 Qxd1 23. Raxd1 Bxc2 24. Rd2 Bxb3 25. Bxc6 $18) 22.
exf6 Nxf6 23. Bxf6 Qxf6 24. Nxf4 Be4 25. Bxe4 Rxe4 26. Qf3 Qd4+ 27. Kg2 Re3 28.
Qxc6 g5 29. Rad1 Qe5 30. Nh5 bxa4 31. bxa4 Rc3 32. Qf6 Rxc2+ 33. Rf2 Rxf2+ 34.
Kxf2 Qh2+ 35. Kf3 Qxh3+ 36. Ng3 Qh2 37. Rh1 1-0

[Event "RUS-ch"]
[Site "Elista"]
[Date "1995.??.??"]
[Round "7"]
[White "Smyslov, Vassily V"]
[Black "Lukin, Andrei M"]
[Result "1-0"]
[WhiteElo "2565"]
[BlackElo "2440"]
[Annotator "Donev,I"]
[PlyCount "83"]
[EventDate "1995.10.??"]
[EventType "swiss"]
[EventRounds "11"]
[EventCountry "RUS"]
[SourceTitle "CBM 050"]
[Source "ChessBase"]
[SourceDate "1996.02.01"]
[SourceVersion "1"]
[SourceVersionDate "1996.02.01"]
[SourceQuality "1"]

1. e4 c5 2. Nf3 d6 3. d4 cxd4 4. Nxd4 Nf6 5. Nc3 a6 6. Be2 e6 7. O-O Be7 8. f4
Qc7 9. Bf3 O-O 10. Kh1 Nc6 11. Be3 Bd7 12. a4 Nxd4 13. Bxd4 e5 14. Be3 exf4 15.
Bxf4 Be6 16. Ne2 Nd7 17. Nd4 Ne5 18. Bxe5 dxe5 19. Nxe6 fxe6 20. c3 {Die
schwarzen Doppelnbauern sind eine Schwäche im Endspiel, aber im Mittelspiel
kontrollieren sie wichtiger Zentralfelder(d5,f5,d4,f4).} Rad8 21. Qb3 Qc6 22.
Bg4 Rxf1+ 23. Rxf1 Rd6 24. Qc2 a5 25. Be2 Bf6 26. Bb5 Qc5 27. Qe2 Qc7 28. g3 b6
29. h4 Qd8 30. Rf2 Rd1+ 31. Kg2 Rd6 32. Kh3 Qc7 33. Bc4 Qd7 34. b3 Qe8 35. Bb5
Qc8 36. Qf3 Qd8 37. Bc4 Qe7 38. Qg4 Kh8 39. h5 h6 40. Qg6 Kg8 41. Rf3 {Das ist
möglicheweise ein Zeitnotfehler. Schwarz hat mehrere Möglichkeiten, die zum
Ausgleicht führen: 41...Rd2=; 41...Rd8=; 41..Qf7= u.s.w.} Rc6 $4 (41... Bg5 42.
Kh2 Bf6 43. Rf2 Bg5 $10) 42. Rxf6 1-0

[Event "Furman Memorial"]
[Site "St Petersburg"]
[Date "1995.??.??"]
[Round "1"]
[White "Smyslov, Vassily V"]
[Black "Levitina, Irina S"]
[Result "1-0"]
[WhiteElo "2565"]
[BlackElo "2420"]
[Annotator "Belov,I"]
[PlyCount "103"]
[EventDate "1995.11.??"]
[EventType "tourn"]
[EventRounds "9"]
[EventCountry "RUS"]
[EventCategory "9"]
[SourceTitle "CBM 050 Extra"]
[Source "ChessBase"]
[SourceDate "1996.03.01"]
[SourceVersion "1"]
[SourceVersionDate "1996.03.01"]
[SourceQuality "1"]

1. Nf3 e6 2. c4 f5 3. g3 Nf6 4. Bg2 c6 (4... d5 5. O-O Bd6 6. Nc3 c6 7. d3 O-O
8. e4 $1 $14) (4... Be7 5. O-O O-O 6. b3 d6 7. d4 $14) 5. O-O Be7 (5... b6 6.
d4 Be7 7. Nc3 d5 8. Bf4 O-O 9. cxd5 cxd5 10. Nb5 Na6 11. Qb3 Ne8 12. Rfc1 $14 {
Chekhov,V-Strutinskaja,G/Moskow/1991/1:0/44/}) 6. b3 (6. Nc3 O-O 7. d3 d5 8. e4
d4 9. Ne2 fxe4 10. dxe4 c5 11. e5 $16 {Sieglen,J-Luetke,J/Bonn/1993/1:0/16/})
6... O-O 7. Bb2 d6 (7... b6 8. Ne5 Bb7 9. d4 d6 10. Nd3 Na6 11. Nd2 d5 12. Rc1
Rc8 13. Nf3 Bd6 14. c5 $14 {Ionov,S-Strutinskaja,G/Moscow/1991/1:0/33/}) 8. d4
Ne4 9. Nfd2 d5 (9... Nxd2 10. Nxd2 d5 $14) 10. Nxe4 $1 fxe4 11. f3 exf3 12.
Bxf3 (12. exf3 $5 Nd7 13. f4 Nf6 14. Nd2 $16) 12... Nd7 13. Nd2 Nf6 14. e4 Bd7
(14... dxe4 15. Nxe4 Nxe4 16. Bxe4 $16) 15. Qe2 Bb4 16. e5 Ne8 17. a3 Be7 18.
Bg2 Nc7 19. Rxf8+ (19. c5 $142 $5) 19... Qxf8 20. Rf1 Qe8 21. Qd3 (21. c5 Qg6)
21... Qh5 22. Bf3 Qh3 23. c5 Rf8 24. Bg2 Rxf1+ 25. Bxf1 Qf5 (25... Qh6 $142 26.
Nf3 Be8 $14) 26. b4 (26. Qxf5 exf5 27. b4 $16) 26... Be8 (26... Qxd3 $1 27.
Bxd3 Be8 28. a4 Bg6 $14) 27. Qxf5 $1 exf5 28. a4 a6 29. Nb3 $16 Bd7 30. Kf2 g6
(30... Ne6 31. Bc1 Bd8 32. Be3 $16) 31. Bc1 Ne6 32. Be3 Bd8 33. Bg2 Nc7 (33...
Kf7 34. b5 axb5 35. axb5 Bc8 36. Ke2 $16) 34. h4 Kg7 35. Na5 Bc8 36. Bg5 $1
Bxg5 37. hxg5 h6 38. gxh6+ Kxh6 39. Ke3 g5 (39... Kg5 40. Bf3 Ne6 41. b5 axb5
42. axb5 Nd8 43. Be2 $16) 40. Bf1 Kg6 41. Bd3 g4 (41... Ne6 42. g4 Ng7 43. Kf3
$18) 42. Nb3 $1 $18 Kg5 43. Nc1 Ne6 44. Ne2 Bd7 45. Bc2 Ng7 (45... Bc8 46. Bb3
Bd7 47. b5) 46. Nf4 Ne6 47. Nxe6+ Bxe6 48. Bd3 Bd7 (48... Bc8 49. b5) 49. Be2
Be8 (49... Be6 50. b5 axb5 51. axb5 Bd7 (51... Bc8 52. Bf1 Bd7 53. bxc6 bxc6
54. Ba6 Be6 55. Bb7 Bd7 56. Ba8 Be8 57. e6 $18) 52. bxc6 (52. b6 Bc8 53. Bd1
Bd7 54. Ba4 Bc8 $10) 52... bxc6 (52... Bxc6 53. Bd1 Bd7 54. Bb3 Be6 55. Ba4 Bc8
56. Bb5 Be6 57. Be8 Bg8 58. Bd7 $18) 53. Ba6 Be6 (53... Be8 54. Bc8 Bf7 55. Bd7
$18) 54. Bb7 Bd7 55. Ba8 Be8 56. e6 $1 Kf6 57. Kf4 Kxe6 58. Kg5 $18) 50. e6 $1
$18 Kf6 51. Kf4 Kxe6 52. Kg5 $1 (52. Kg5 Bd7 53. Bd3 Ke7 54. Bxf5 $18) 1-0

[Event "Veterans-Women"]
[Site "Copenhagen"]
[Date "1997.??.??"]
[Round "9"]
[White "Smyslov, Vassily V"]
[Black "Xie, Jun"]
[Result "1-0"]
[WhiteElo "2480"]
[BlackElo "2495"]
[Annotator "Tsesarsky,I"]
[PlyCount "65"]
[EventDate "1997.07.23"]
[EventType "schev"]
[EventRounds "10"]
[EventCountry "DEN"]
[SourceTitle "CBM 061"]
[Source "ChessBase"]
[SourceDate "1997.11.23"]
[SourceVersion "1"]
[SourceVersionDate "1997.11.23"]
[SourceQuality "1"]

1. e4 e5 2. Nf3 Nc6 3. Nc3 Nf6 4. Bb5 Bb4 5. O-O O-O 6. d3 d6 7. Bg5 Bxc3 8.
bxc3 Qe7 9. Re1 Nd8 10. d4 Ne6 11. Bc1 c5 12. a4 (12. d5 Nc7 13. Bd3 (13. Bf1
Bg4 $10) 13... b5 14. c4 Bd7 $10 {Barendregt-Van der Berg/Amsterdam/1950/}) (
12. Bc4 Rd8 13. Bd5 Nf8 14. dxe5 dxe5 15. c4 Ng6 {Chandler,M-Salov,V/Rykjavik
WCup/1991/0-1/77/  CBM-VC [Salov]}) 12... Rd8 (12... Nc7 13. Bf1 Bg4 14. h3 (
14. d5 $2 Nfe8 15. h3 Bd7 16. g3 f5 17. exf5 Bxf5 18. Bg2 Qf6 19. g4 Bg6 20.
Be3 $11 {Middelburg,T-Xie Jun/Vlissingen HZ-op 1997/EXP 58/1-0 (67)}) 14...
Bxf3 15. Qxf3 cxd4 16. cxd4 exd4 17. e5 $1 $14 {0-1 Spassky,B-Xie Jun/Hostdans,
Copenhagen DEN 1997 (44)}) 13. Bf1 (13. dxe5 {N} dxe5 14. Qe2 Qc7 (14... Nc7
15. Bc4 Bg4 16. h3 Bxf3 17. Qxf3 b6 18. Be3 h6 $11 {1-0 Degraeve,J-Marciano,D/
FRA-chT 1993 (43)}) (14... Nf8 $5 15. Bc4 Ng6 {/\ Be6}) 15. Bc4 (15. g3 h6 16.
Nh4 Ng5 17. f3 g6 18. Bc4 Kg7 19. Ng2 Nh3+ $11 {1/2-1/2 Tarasov I-Khamatgaleev/
Ch Russia club 1995 (28)}) 15... h6 (15... Re8 $1 16. Nh4 Nf4 $132) 16. Nh4 Re8
(16... Ng5 17. Bxg5 hxg5 18. Nf3 Bg4 19. h3 Bxf3 20. Qxf3 $16 {><g5; Short,N})
17. Nf5 Nf4 18. Qf3 Bxf5 (18... Be6 {>=} 19. Bf1 c4) 19. exf5 $14 {1-0 Short,
N-Anand,V/Linares 1992/CBM 28 (33) ^^}) (13. Bc4 Rb8 (13... Nf8 14. h3 (14. Ng5
Ne6 15. Rb1 Rb8 16. a5 h6 17. Nxe6 Bxe6 18. d5 Bd7 $11 {1/2-1/2 Hort,V-Brunner,
L/GER-CupT f (Porz-Hamburg) 1992 (31)}) 14... Be6 15. Bf1 Rac8 16. d5 Bd7 17.
Nd2 $14 {1-0 Nunn,J-Norri,J/Manila olm 1992 (30) /\ Nd2-c4,f2-f4}) (13... h6 $5
14. h3 (14. Nh4 $6 exd4 15. Nf5 Qc7) 14... Nf8 15. Nh4 cxd4 $6 (15... g5 $1 16.
Nf5 Bxf5 17. exf5 $132) 16. cxd4 exd4 $6 (16... g5 17. Nf5 Bxf5 18. exf5 $14)
17. Bb2 $14 {1-0 Shirov,A-Lesiege,A/North Bay 1994 (33)}) 14. dxe5 dxe5 15. Qe2
Qc7 16. Nh4 Re8 17. g3 h6 18. f4 exf4 19. Bxe6 fxe6 20. e5 {1/2-1/2 Nunn,
J-Zilberman,Y/London Lloyds 1992}) (13. Rb1 Nh5 14. Nxe5 dxe5 15. Qxh5 exd4 16.
cxd4 Nxd4 $14 {1-0 Gomez Baillo,J-Slipak,S/ARG-ch 1995 (60)}) (13. Bd3 Qc7 14.
d5 Nf8 15. c4 Ng6 $11 {1-0 Li Shilong-Xie Jianjun/Beijing Lee Cup 1996 (61)}) (
13. h3 Nf8 14. Bf1 Ng6 15. Qd3 h6 16. g3 Qc7 17. d5 Rf8 18. Bg2 Nh7 19. Be3 f5
20. exf5 Bxf5 $11 {1/2-1/2 Vombek,D-Fabisch,C/AUT-chT2S 1995 (52)}) 13... Nc7 (
13... Qc7 14. g3 (14. h3 b6 15. d5 Nf8 16. Nh4 Ng6 17. Bg5 Nxh4 18. Bxh4 Qe7
19. g3 h6 20. f4 Kh8 21. f5 g5 22. fxg6 {1/2-1/2 Benjamin,J-Zarnicki,P/Buenos
Aires 1992/TD 92\05}) 14... d5 15. exd5 Nxd5 16. Rxe5 Nxc3 17. Qe1 cxd4 18.
Nxd4 Rxd4 19. Bb2 Rxa4 20. Bxc3 Rxa1 21. Bxa1 Bd7 $17 {Pedersen,N-Notkin,M/
Aalborg op 1995/EXT 95op/0-1 (41)} (21... Qxc2 $19)) (13... Nf8 14. d5 Ng6 15.
Nd2 Rf8 16. Nc4 b6 17. g3 Bd7 18. Bg2 h6 19. Ne3 $14 {Spassky,B-Yusupov,A/
Bugojno/1986/}) 14. h3 $14 Bd7 15. g3 b5 $6 (15... b6 16. Nh4 $14) 16. Nh4 $1
$16 (16. axb5 Bxb5 (16... Nxb5 $5) 17. Bxb5 Nxb5 18. Qd3 Rdb8 $132) 16... bxa4
(16... a6 17. Nf5 Bxf5 18. exf5 $16 {^^}) 17. Nf5 Bxf5 18. exf5 Ncd5 (18...
Rab8 19. Rxa4 Nb5 20. Qd2 $16) 19. Ra3 $5 Qc7 20. dxe5 $8 (20. Bg2 $2 exd4 21.
cxd4 Re8 $1 22. Rxe8+ Rxe8 23. dxc5 Qxc5 24. Bb2 Rb8 $15) 20... dxe5 21. Qe2
Rab8 (21... h6 22. c4 Nb6 23. Bb2 Nfd7 24. f4 $1 f6 (24... exf4 $2 25. Qg4 $1
$18) 25. fxe5 Nxe5 26. Bxe5 fxe5 27. Qxe5 Qxe5 28. Rxe5 Rac8 (28... Rdc8 29.
Bg2 Rab8 30. Re7 $16) 29. Re7 Rd2 30. Rxa7 Rxc2 31. Re3 $16) 22. Bg5 $5 h6 $6 (
22... Qd7 $1 23. c4 (23. Qxe5 $4 Re8 $19) 23... Nb6 24. Re3 (24. Bxf6 gxf6 25.
Qh5 Qd2 26. Re4 Rd4 27. Rd3 Qxc2 28. Rdxd4 cxd4 29. Rg4+ Kf8 30. Qxh7 Ke7 31.
Rg7 Rf8 $17) 24... Re8 25. g4 (25. Bxf6 gxf6 26. Qh5 Kh8 27. Qh6 Qe7 28. Re4
Rg8 29. Rh4 Rg7 30. g4 Rd8 $17) 25... Rbd8 26. Bh4 $16) 23. Bxf6 Nxf6 24. Qxe5
Qxe5 25. Rxe5 Rd2 $2 (25... Rd1 $1 26. Kg2 Rd2 $1 (26... Nd7 27. Re4 Rbb1 28.
Bd3 $16) 27. Rxa4 Rxc2 28. Rxc5 Rbb2 29. Rc8+ (29. Rf4 $11) 29... Kh7 30. Rxa7
Rxf2+ 31. Kg1 {Black has one tempo more than in the game}) 26. Rxa4 $18 Rxc2
27. Rxc5 Rbb2 (27... Rb3 $142 28. Rc8+ Kh7 29. Rxa7 Rbxc3 30. Rxc3 Rxc3 31.
Rxf7 $18) 28. Rc8+ Kh7 29. Rxa7 Rxf2 30. Rxf7 h5 31. Rff8 Kh6 32. h4 Rxf5 33.
Bd3 1-0

[Event "Veterans-Women"]
[Site "Copenhagen"]
[Date "1997.??.??"]
[Round "10"]
[White "Zhu, Chen"]
[Black "Smyslov, Vassily V"]
[Result "0-1"]
[WhiteElo "2515"]
[BlackElo "2480"]
[Annotator "Huebner,R"]
[PlyCount "100"]
[EventDate "1997.07.23"]
[EventType "schev"]
[EventRounds "10"]
[EventCountry "DEN"]
[SourceTitle "CBM 061"]
[Source "ChessBase"]
[SourceDate "1997.11.23"]
[SourceVersion "1"]
[SourceVersionDate "1997.11.23"]
[SourceQuality "1"]

1. d4 d5 2. c4 c6 3. Nf3 Nf6 4. Nc3 dxc4 5. a4 Bf5 6. e3 e6 7. Bxc4 Bb4 8. O-O
O-O 9. Qe2 h6 10. e4 Bh7 11. Bd3 Nbd7 12. Rd1 Qe7 (12... Bxc3 13. bxc3 Qc7 14.
e5 Bxd3 15. Rxd3 Nd5 16. Qe4 f5 17. Qh4 Qd8 18. Bg5 Qe8 19. Bxh6 gxh6 20. Qxh6
Qe7 21. Ng5 Nf4 22. Rf3 Ne2+ 23. Kf1 Nxd4 24. cxd4 Rfe8 25. Rg3 f4 26. Rg4 {
1-0 Booth,S-Sztern,A/AUS-ch Melbourne 1991/EXT 91ch}) 13. Bf4 (13. Na2 {
scheint mir am wirksamsten zu sein; auf} Ba5 {folgt} 14. b4) (13. h3 {zur
Vorbereitung von Lc1-f4 führt nach} e5 14. dxe5 Nxe5 15. Nxe5 Qxe5 16. f4 Qa5
17. f5 {zu einer scharfen Stellung, in der auch Weiß ein beachtliches Risiko
auf sich genommen hat.}) 13... Nh5 14. Be3 e5 15. Bc2 exd4 16. Nxd4 Nhf6 17. f3
Rfd8 18. Kh1 a6 19. g4 Bc5 20. Rg1 ({Nach} 20. Nf5 Bxf5 21. gxf5 Bxe3 22. Qxe3
Ne5 23. Rg1 Ne8 {dürfte die Stellung des Schwarzen befriedigend sein.}) 20...
Bxd4 {Jetzt verhindert Schwarz 21.Sf5.} (20... Ne8 {sieht ebenfalls
befriedigend aus.}) 21. Bxd4 Ne8 22. Nd1 ({Die Fortsetzungen} 22. Rad1 {und}) (
22. a5 {gefallen mir besser.}) 22... Nc5 23. Qe3 Ne6 24. Bb6 Rd7 25. Nf2 Qg5
26. Qxg5 hxg5 27. Rgd1 Nf6 28. Nh3 $2 (28. Be3 {führt zu einer ausgeglichenen
Stellung. Jetzt wird dieser Läufer abgeklemmt.}) 28... c5 29. a5 (29. Kg2 {
zur Deckung des Punktes f3 ist zu langsam; Schwarz fährt mit} a5 30. Bb3 Nd4
31. Ba2 Nc2 32. Rxd7 Nxd7 33. Rc1 Nb4 34. Bxf7+ Kxf7 {fort.}) (29. Bd3 Nxg4 {
ist ebenfalls untauglich; Weiß hat wohl nichts Besseres als den Textzug.})
29... Rxd1+ 30. Rxd1 (30. Bxd1 Nd7 {ist unbequem für Weiß und dürfte keine
besseren Rettungsaussichten bieten als der Textzug.}) 30... Nd4 31. Rxd4 cxd4
32. Bxd4 ({Nach} 32. Nxg5 Rc8 33. Bb3 d3 34. e5 ({Auch nach} 34. Bxf7+ Kf8 35.
Be3 Bg8 36. Bxg8 Kxg8 {ist der d-Bauer des Schwarzen zu stark.}) 34... d2 (
34... Nd7 35. e6 Nxb6 36. exf7+ Kh8 37. axb6 {ist weniger überzeugend.}) 35.
exf6 Rc2 {gibt es für den Weißen keine Rettung mehr.}) 32... Rd8 33. Bc3 Nd5
34. Be1 (34. Bd2 Nf4 35. Bxf4 gxf4 36. Nxf4 Rd2 {ist aussichtslos für Weiß.})
34... Ne3 35. Bb3 Rd3 36. Bc3 Nd1 37. Nxg5 $2 (37. Bxd1 Rxd1+ 38. Kg2 f6 39.
Nf2 (39. e5 Kf7 40. Nf2 Rc1 {gewährt dem Schwarzen zu viel Aktivität.}) 39...
Rd7 (39... Rc1 40. Nd3 {gefolgt von Sd3-c5 kommt hier für Schwarz nicht in
Betracht.}) 40. Kg3 {gefolgt von h2-h4 bot dem Weißen ausgezeichnete
Remisaussichten.}) 37... Nxc3 38. bxc3 Rxc3 39. Bd5 $6 (39. Bxf7+ {war
natürlich aussichtsreicher, dürfte aber zur Rettung der Partie nicht genügen:}
Kf8 ({Nach} 39... Kh8 40. Bd5 Bg8 41. Bxb7 Rc5 42. f4 Rxa5 43. f5 (43. e5 {
ist schwächer;} Bd5+ 44. Bxd5 Rxd5 45. e6 Kg8 46. Kg2 Kf8 {und der a-Bauer des
Schwarzen ist nicht mehr aufzuhalten.}) 43... Bc4 44. Kg2 {ist die Lage nicht
so klar, weil der König des Schwarzen außer Spiel steht.}) 40. Bd5 Bg8 41. Bxb7
Rc5 42. f4 Rxa5 {Der a-Bauer des Schwarzen hat zu lange Beine.}) 39... Rc5 40.
h4 (40. Nxf7 {scheitert an} Rxd5) 40... Rxa5 41. Bxb7 f6 42. Ne6 Bg6 43. Nd8
Bf7 44. f4 Bc4 45. Kg2 Ra3 46. g5 a5 47. gxf6 gxf6 48. e5 fxe5 49. fxe5 Rd3 50.
Nc6 a4 0-1

[Event "Cancan Veterans-Women"]
[Site "Roquebrune"]
[Date "1998.09.14"]
[Round "7"]
[White "Smyslov, Vassily V"]
[Black "Arakhamia Grant, Ketevan"]
[Result "1-0"]
[WhiteElo "2500"]
[BlackElo "2420"]
[Annotator "Smirin,I"]
[PlyCount "49"]
[EventDate "1998.09.07"]
[EventType "schev"]
[EventRounds "12"]
[EventCountry "FRA"]
[SourceTitle "CBM 067"]
[Source "ChessBase"]
[SourceDate "1998.11.30"]
[SourceVersion "2"]
[SourceVersionDate "1998.11.01"]
[SourceQuality "1"]

1. e4 c5 2. Nc3 Nc6 3. Nf3 e6 4. Bb5 Nge7 5. O-O a6 6. Bxc6 Nxc6 7. d4 cxd4 8.
Nxd4 Qc7 9. Nxc6 bxc6 (9... Qxc6 10. Re1 b5 11. Nd5 Bb7 12. Bf4 O-O-O (12...
Rc8 13. c3 $14 {[%csl Re8]}) 13. Re3 $1 b4 (13... exd5 $5 14. Rc3 Bc5 15. exd5
(15. b4 Bxf2+ $19) 15... Qxd5 16. Qxd5 Bxd5 17. Rxc5+ Bc6 $11) 14. c3 exd5 15.
cxb4 Bd6 16. e5 Bc7 17. Rc1 $40 Qe6 18. Rec3 Bc6 19. a4 f6 20. b5 fxe5 21. bxc6
exf4 22. Qd3 $1 $18 {1-0 Eismont,O-Landenbergue,C/Harkany op 1993 (25)}) (9...
dxc6 10. Qh5 g6 11. Qh4 Be7 12. Bg5 e5 $11 {1/2-1/2 Gurgenidze,B-Kallai,G/
Tbilisi 1987 (38)} 13. Bf6 Qd6 $11) 10. f4 $1 $146 ({Nothing special promises
to white} 10. Qg4 e5 11. Qg3 f6 12. f4 Bc5+ 13. Kh1 d6 14. Na4 Ba7 15. fxe5
dxe5 16. Be3 Bxe3 17. Qxe3 O-O $11 {1/2-1/2 Dey,J-Alekseev,A/Werfen op 1991 
(35)}) 10... d5 $6 (10... Bc5+ $6 11. Kh1 d6 12. Na4 Ba7 13. c4 O-O 14. b3 $16
{[%cal Gc1b2,Gc1a3,Yf4f5,Yf5f6] White stands better because darksquare bishop
of black is completly out of play.}) (10... d6 $142 $5 11. f5 Be7 12. Qg4 Bf6
$132) 11. f5 $1 $16 Bc5+ 12. Kh1 O-O 13. f6 $1 $40 Rd8 {Not the best move, but
in this position is very difficult to give to black good advice. Also after} (
13... g6 14. Na4 Bd6 15. e5 $1 {blacks position is hopeless.} Bxe5 16. Qd2 {
[%cal Gd2h6,Gh6g7]} Kh8 (16... Qd8 17. Qg5 Bd4 18. c3 $18) 17. Qh6 Rg8 18. Rf3
Bxf6 19. Rxf6 e5 20. Bg5 $18) 14. fxg7 Bb7 15. Qh5 Bd4 16. Bg5 Rd7 17. Bf6 c5 (
{Best chanse for black was} 17... Bxf6 18. Rxf6 Kxg7 19. Rh6 Rh8 20. Qg5+ Kf8
21. Qf6 Rg8 22. Rxh7 $16 {/+-}) 18. e5 $18 {[%cal Gf1f3,Gf3h3] The rest is
matter of technick.} Qb6 19. Nd1 Qb5 20. Rf4 Bxb2 21. Rb1 Qa5 22. Nxb2 Qxa2 23.
Rbf1 Qxb2 {[%tqu "En","","","","f6e7","",5]} 24. Be7 $1 Rxe7 25. Rxf7 $18 1-0